[Event "18e tournoi de Noël"]
[Site "Montigny le Bretonneux"]
[Date "2017.12.27"]
[Round "2.11"]
[White "Thomas, Robert"]
[Black "Bouloc, Roger"]
[Result "1/2-1/2"]
[WhiteElo "1330"]
[BlackElo "1427"]
[Annotator "Rivier,Sylvain"]
[PlyCount "116"]
[EventDate "2017.??.??"]

{Défense scandinave} 1. e4 d5 2. e5 Bf5 3. d4 e6 4. h3 f6 5. Nf3 fxe5 6. dxe5
h6 7. Bd3 Bxd3 8. Qxd3 Nc6 9. Qg6+ Kd7 10. Qd3 Qe7 11. O-O Rd8 12. a3 Kc8 13.
Nc3 g5 14. b4 Bg7 15. Re1 Qf7 16. Bd2 Nge7 17. b5 Na5 18. Qd4 Kb8 19. Na4 Nc4
20. Bb4 Rc8 21. Nb2 Nxb2 22. Qxb2 c5 23. Bd2 Rhd8 24. a4 d4 25. a5 Nd5 26. c4
dxc3 27. Bxc3 Qe8 28. b6 a6 29. Qc2 Qc6 30. Bb2 Nf4 31. Red1 h5 32. Rxd8 Rxd8
33. Rd1 Kc8 34. Rd6 Rxd6 35. exd6 Bxb2 36. Qxb2 Qxd6 37. Qh8+ Qd8 38. Qxd8+
Kxd8 39. Nxg5 Kd7 40. Ne4 Kc6 41. Kf1 Kb5 42. Nd6+ Kxa5 43. Nxb7+ Kxb6 44. Nd8
e5 45. g4 hxg4 46. h4 a5 47. Nf7 a4 48. Nxe5 a3 49. Nc4+ Kb5 50. Nxa3+ Kb4 51.
Nc2+ Kc3 52. Ne3 c4 53. Ke1 Kd3 54. Nxg4 Ng2+ 55. Kd1 Nxh4 56. Ne5+ Kc3 57. f4
Ng2 58. Nxc4 Nxf4 1/2-1/2

[Event "18e tournoi de Noël"]
[Site "Montigny le Bretonneux"]
[Date "2017.12.27"]
[Round "2.12"]
[White "Rouast, Joseph"]
[Black "Tanchoux, Pierre"]
[Result "1-0"]
[WhiteElo "1411"]
[BlackElo "1279"]
[Annotator "Rivier,Sylvain"]
[PlyCount "83"]
[EventDate "2017.??.??"]

{Gambit dame} 1. d4 d5 2. c4 e6 3. Nc3 Bb4 4. cxd5 exd5 5. Nf3 Nc6 6. Bf4 Nf6
7. e3 a6 8. Bd3 O-O 9. O-O Bxc3 10. bxc3 b5 11. a4 Rb8 12. axb5 axb5 13. Rb1 b4
14. cxb4 Rxb4 15. Qc2 Rxb1 16. Rxb1 Ne7 17. Qxc7 Bf5 18. Qxd8 Rxd8 19. Bxf5
Nxf5 20. Rb8 Rxb8 21. Bxb8 Ne4 22. Ne1 f6 23. Nd3 g5 24. Nb4 Nc3 25. Nxd5 Nxd5
26. e4 Nxd4 27. exd5 Kf7 28. f3 Ke7 29. Kf2 Kd7 30. Ke3 Nf5+ 31. Ke4 Nd6+ 32.
Bxd6 Kxd6 33. Kf5 Kxd5 34. Kxf6 h6 35. Kg6 Ke5 36. Kxh6 Kf4 37. Kg6 g4 38. fxg4
Kxg4 39. h3+ Kh4 40. Kh6 Kg3 41. Kg5 Kxg2 42. h4 1-0

[Event "18e tournoi de Noël"]
[Site "Montigny le Bretonneux"]
[Date "2017.12.27"]
[Round "2.13"]
[White "Montay, Jean-Paul"]
[Black "Boucher, Francis"]
[Result "1-0"]
[WhiteElo "1360"]
[BlackElo "1224"]
[Annotator "Rivier,Sylvain"]
[PlyCount "73"]
[EventDate "2017.??.??"]

{Ouverture anglaise, variante sicilienne inversée} 1. c4 e5 2. Nc3 Bb4 3. g3
Nc6 4. Bg2 Nge7 5. Nf3 O-O 6. O-O d5 7. Nxd5 Nxd5 8. cxd5 Qxd5 9. a3 Qa5 10.
Rb1 Bd6 11. b4 Qb6 12. d3 Qb5 13. Bb2 f6 14. Nd2 Nxb4 15. axb4 Qxb4 16. Nc4 Qb5
17. Nxd6 cxd6 18. Ba3 Qd7 19. Qb3+ Kh8 20. Rfc1 Rb8 21. Rc2 b6 22. Rbc1 Rf7 23.
Rc7 Qxc7 24. Rxc7 Rxc7 25. Qd5 Bd7 26. Qxd6 Rbc8 27. d4 exd4 28. Qxd4 b5 29.
Bb4 a6 30. h3 Be6 31. Ba5 Rc5 32. Qd6 Bg8 33. Qxa6 Bc4 34. Qb6 Bxe2 35. Kh2 Bc4
36. Bb4 R5c6 37. Bxc6 1-0

[Event "18e tournoi de Noël"]
[Site "Montigny le Bretonneux"]
[Date "2017.12.27"]
[Round "2.14"]
[White "Chaintreau, Thomas"]
[Black "Barbier, Guy"]
[Result "1-0"]
[WhiteElo "1228"]
[BlackElo "1359"]
[Annotator "Rivier,Sylvain"]
[PlyCount "89"]
[EventDate "2017.??.??"]

{Gambit dame, défense semi-slave} 1. d4 d5 2. c4 e6 3. Nf3 Nf6 4. Bg5 c6 5. Nc3
Bb4 6. a3 Bxc3+ 7. bxc3 h6 8. Bh4 Nbd7 9. e3 Qa5 10. Qb3 Ne4 11. Rc1 Qb6 12.
Qxb6 axb6 13. Bd3 Rxa3 14. Bxe4 dxe4 15. Nd2 f5 16. O-O O-O 17. Bg3 Nf6 18. Bd6
Ra2 19. Bxf8 Kxf8 20. Nb3 Ra3 21. Nd2 c5 22. Ra1 Ra5 23. Rfb1 Rxa1 24. Rxa1 Bd7
25. Rb1 Bc6 26. Rxb6 g5 27. Nb3 Nd7 28. Rxc6 bxc6 29. Na5 cxd4 30. cxd4 c5 31.
Kf1 Ke7 32. Nb7 Nb6 33. Nxc5 Nxc4 34. Ke2 Kd6 35. f3 exf3+ 36. gxf3 e5 37. Nd3
exd4 38. exd4 Kd5 39. Nb4+ Kxd4 40. Nc6+ Kd5 41. Nd8 Nd6 42. Kf2 Ke5 43. Nc6+
Kf4 44. Ne7 Nb5 45. Ng6# 1-0

[Event "18e tournoi de Noël"]
[Site "Montigny le Bretonneux"]
[Date "2017.12.27"]
[Round "2.15"]
[White "Jen, Jin-Xian-Koki"]
[Black "Fruchard, Alois"]
[Result "0-1"]
[WhiteElo "1169"]
[BlackElo "1331"]
[Annotator "Rivier,Sylvain"]
[PlyCount "40"]
[EventDate "2017.??.??"]

{Défense française, variante d'avance} 1. e4 e6 2. d4 d5 3. e5 c5 4. c3 Nc6 5.
Nf3 Qb6 6. Be2 f6 7. O-O Bd7 8. a4 cxd4 9. cxd4 fxe5 10. Nxe5 Nf6 11. Nxc6 Bxc6
12. a5 Qc7 13. Bd2 Bd6 14. h3 O-O 15. f4 Ne4 16. Be3 Bxf4 17. Bd2 Bh2+ 18. Kh1
Ng3+ 19. Kxh2 Nxf1+ 20. Kg1 Qh2# 0-1

[Event "18e tournoi de Noël"]
[Site "Montigny le Bretonneux"]
[Date "2017.12.28"]
[Round "3.1"]
[White "Divies, Renaud"]
[Black "Guedira, Aimen"]
[Result "1-0"]
[WhiteElo "1986"]
[BlackElo "1804"]
[Annotator "Rivier,Sylvain"]
[PlyCount "181"]
[EventDate "2017.??.??"]

{Défense sicilienne, variante Löwenthal} 1. e4 c5 2. Nf3 Nc6 3. d4 cxd4 4. Nxd4
Nf6 5. Nc3 e5 6. Ndb5 d6 7. Bg5 a6 8. Na3 b5 9. Nd5 Be7 10. Bxf6 Bxf6 11. c4 b4
12. Nc2 Rb8 13. b3 O-O 14. h4 Be7 15. Nde3 Be6 16. g3 Qd7 17. Bg2 Bd8 18. f4 f6
19. f5 Bf7 20. Qd3 Bb6 21. Rd1 Rfd8 22. g4 Nd4 23. Nxd4 Bxd4 24. Nc2 Bc5 25.
Bf3 Kh8 26. Rh3 a5 27. Rg3 Rg8 28. g5 Be8 29. Rd2 Qa7 30. Rdg2 Bc6 31. h5 a4
32. h6 gxh6 33. g6 hxg6 34. Rxg6 Rxg6 35. Rxg6 Rb7 36. Qd2 Rh7 37. Rxf6 Qg7 38.
Rg6 Qf8 39. Qg2 axb3 40. axb3 Be8 41. Rg3 Rg7 42. Ke2 Rxg3 43. Qxg3 Qg7 44. Qh4
Qg5 45. Qxg5 hxg5 46. Ne1 Bb6 47. Bg4 Kg7 48. Nf3 Kf6 49. Nh2 Bc6 50. Kd3 Bg1
51. Nf1 Bf2 52. Bf3 Be8 53. Ke2 Bb6 54. Ng3 Bd8 55. Bh5 Bc6 56. Kd3 Be7 57. Nf1
Bd8 58. Ne3 Kg7 59. Nc2 Ba5 60. Ke3 Kh6 61. Bf7 Kg7 62. Bd5 Be8 63. Kd2 Kf6 64.
Ne3 Bh5 65. Ke1 Bb6 66. Nc2 Ba5 67. Bc6 Bf7 68. Ne3 Bb6 69. Ng4+ Kg7 70. f6+
Kg6 71. Bd5 Be8 72. Be6 Bd8 73. f7 Bxf7 74. Bxf7+ Kxf7 75. Ke2 Kg6 76. Kf3 Kh5
77. Kg3 Kg6 78. Ne3 Bb6 79. Nf5 Bc7 80. Kg4 Bb8 81. Ne7+ Kf6 82. Nd5+ Kg6 83.
Nxb4 Ba7 84. Nd5 Bf2 85. b4 Ba7 86. b5 Kh6 87. b6 Bb8 88. Nf6 d5 89. cxd5 Kg6
90. Nd7 Bd6 91. b7 1-0

[Event "18e tournoi de Noël"]
[Site "Montigny le Bretonneux"]
[Date "2017.12.28"]
[Round "3.2"]
[White "Benbakir, Chouaib"]
[Black "Drouot, Frederic"]
[Result "0-1"]
[WhiteElo "1817"]
[BlackElo "1919"]
[Annotator "Rivier,Sylvain"]
[PlyCount "52"]
[EventDate "2017.??.??"]

{Défense Pirc} 1. e4 d6 2. d4 Nf6 3. Nc3 g6 4. Be3 Bg7 5. Qd2 Ng4 6. Bg5 h6 7.
Bh4 Nc6 8. f3 Nf6 9. Bf2 a6 10. Bd3 e5 11. d5 Ne7 12. Nge2 O-O 13. Be3 Kh7 14.
g4 Nfg8 15. Ng3 b5 16. h4 c6 17. a3 Bb7 18. Nf5 gxf5 19. exf5 f6 20. dxc6 Bxc6
21. g5 d5 22. Rg1 d4 23. Qg2 dxe3 24. gxf6 Bxf6 25. Ne4 Bxe4 26. Bxe4 Qd2+ 0-1

[Event "18e tournoi de Noël"]
[Site "Montigny le Bretonneux"]
[Date "2017.12.28"]
[Round "3.3"]
[White "Delmas-Goyon, Francois"]
[Black "Plantet, Marc"]
[Result "1-0"]
[WhiteElo "1902"]
[BlackElo "1774"]
[Annotator "Rivier,Sylvain"]
[PlyCount "63"]
[EventDate "2017.??.??"]

{Défense russe, variante moderne} 1. e4 e5 2. Nf3 Nf6 3. d4 Nxe4 4. Bd3 d5 5.
dxe5 Bd7 6. O-O Bc5 7. Bxe4 dxe4 8. Ng5 e3 9. Nxf7 Kxf7 10. Qd5+ Be6 11. Qxc5
e2 12. Re1 Nc6 13. Na3 Qd1 14. Bg5 Rad8 15. Bxd8 Rxd8 16. Qc3 Nd4 17. Raxd1
exd1=Q 18. Rxd1 Ne2+ 19. Kf1 Nxc3 20. Rxd8 Nxa2 21. c3 Nc1 22. Ke1 Ke7 23. Rd1
Nb3 24. Nb5 c6 25. Nd4 Nxd4 26. Rxd4 b5 27. f4 c5 28. Rd6 a5 29. Ra6 a4 30.
Ra7+ Kf8 31. Rb7 Bc4 32. Rc7 1-0

[Event "18e tournoi de Noël"]
[Site "Montigny le Bretonneux"]
[Date "2017.12.28"]
[Round "3.4"]
[White "Conq, Alain"]
[Black "Appavou, Calixte"]
[Result "1-0"]
[WhiteElo "1790"]
[BlackElo "1896"]
[Annotator "Rivier,Sylvain"]
[PlyCount "97"]
[EventDate "2017.??.??"]

{Gambit dame, défense semi-slave} 1. d4 d5 2. c4 c6 3. e3 Nf6 4. Nc3 e6 5. Nf3
Bd6 6. Bd3 Nbd7 7. e4 dxe4 8. Nxe4 Nxe4 9. Bxe4 Bb4+ 10. Bd2 Bxd2+ 11. Qxd2 Nf6
12. Bc2 Bd7 13. O-O O-O 14. Qd3 g6 15. b4 Nh5 16. Qe3 Qf6 17. g4 Ng7 18. Ne5
Rad8 19. Qh6 Ne8 20. h4 Qg7 21. Qe3 Bc8 22. Kh2 f6 23. Nf3 Qc7+ 24. Kh1 f5 25.
g5 Ng7 26. Rad1 b6 27. Bb3 f4 28. Qe4 c5 29. bxc5 bxc5 30. d5 exd5 31. cxd5 Kh8
32. Kg1 Rfe8 33. Qc4 Bg4 34. Kg2 Qc8 35. Rh1 Bh5 36. Rd3 Qg4+ 37. Kf1 Re3 38.
Rxe3 fxe3 39. Qxg4 Bxg4 40. Ne5 e2+ 41. Ke1 Rc8 42. Nxg4 c4 43. Bc2 Nh5 44. d6
Rd8 45. Ne5 Kg7 46. Nxc4 Nf4 47. Kd2 Kf8 48. Bd3 Re8 49. Re1 1-0

[Event "18e tournoi de Noël"]
[Site "Montigny le Bretonneux"]
[Date "2017.12.28"]
[Round "3.5"]
[White "Artieres, Michel"]
[Black "Baltzer, Jean-Marc"]
[Result "1-0"]
[WhiteElo "1763"]
[BlackElo "1356"]
[Annotator "Rivier,Sylvain"]
[PlyCount "65"]
[EventDate "2017.??.??"]

{Défense Alekhine, variante des quatre pions} 1. e4 Nf6 2. e5 Nd5 3. d4 d6 4.
c4 Nb6 5. exd6 cxd6 6. Bd3 Nc6 7. Be3 g6 8. a3 Bg7 9. Ne2 O-O 10. Nbc3 h6 11.
O-O Bg4 12. f3 Bf5 13. Rc1 Rb8 14. b3 Na8 15. Bxf5 gxf5 16. d5 Ne5 17. Nb5 a6
18. Nbd4 Qd7 19. Ng3 e6 20. Nh5 Nc7 21. Bxh6 Ne8 22. Bxg7 Qe7 23. Bxf8 Qxf8 24.
dxe6 fxe6 25. Nxe6 Qh6 26. Nef4 Rc8 27. Qd5+ Kf8 28. Ne6+ Kg8 29. Ng3 Qe3+ 30.
Kh1 Nd3 31. Nf4+ Kf8 32. Qxf5+ Ke7 33. Nxd3 1-0

[Event "18e tournoi de Noël"]
[Site "Montigny le Bretonneux"]
[Date "2017.12.28"]
[Round "3.6"]
[White "Rouast, Joseph"]
[Black "Toussaint, Antoine"]
[Result "0-1"]
[WhiteElo "1411"]
[BlackElo "1761"]
[Annotator "Rivier,Sylvain"]
[PlyCount "106"]
[EventDate "2017.??.??"]

{Gambi Gambit dame, défense Tarrasch} 1. d4 d5 2. c4 e6 3. Nc3 c5 4. cxd5 cxd4
5. Qxd4 Nc6 6. Qd1 exd5 7. Qxd5 Be6 8. Qxd8+ Rxd8 9. Bd2 Nb4 10. O-O-O Nxa2+
11. Nxa2 Bxa2 12. Bc3 Rc8 13. e3 a6 14. Nf3 Nf6 15. Bd3 Nd5 16. Kd2 Nxc3 17.
bxc3 g6 18. Ra1 Be6 19. Rhb1 Rc7 20. Nd4 Bc8 21. e4 Bh6+ 22. Kc2 O-O 23. g3 Bg7
24. Kd2 Rd8 25. Ra4 b5 26. Rab4 Rcd7 27. Ke3 Bf8 28. Be2 Bxb4 29. Rxb4 Bb7 30.
f3 Kf8 31. Bf1 Rc7 32. c4 bxc4 33. Bxc4 a5 34. Ra4 Ra8 35. Bf1 Rc1 36. Bd3 Rh1
37. Nb3 Rxh2 38. Rxa5 Ke7 39. Rxa8 Bxa8 40. Nd4 Rg2 41. Ne2 Kf6 42. Kf4 g5+ 43.
Kg4 Bb7 44. f4 h6 45. e5+ Ke6 46. fxg5 h5+ 47. Kf4 Rf2+ 48. Ke3 Rf3+ 49. Kd2
Kxe5 50. Bc4 Bd5 51. Bxd5 Kxd5 52. Nf4+ Rxf4 53. gxf4 Ke4 0-1

[Event "18e tournoi de Noël"]
[Site "Montigny le Bretonneux"]
[Date "2017.12.28"]
[Round "3.7"]
[White "Fayolle, Guy"]
[Black "Montay, Jean-Paul"]
[Result "1-0"]
[WhiteElo "1742"]
[BlackElo "1360"]
[Annotator "Rivier,Sylvain"]
[PlyCount "47"]
[EventDate "2017.??.??"]

{Défense sicilienne, variante Scheveningue} 1. e4 c5 2. Nf3 Nc6 3. d4 cxd4 4.
Nxd4 Qc7 5. Nc3 a6 6. Be2 e6 7. O-O Nf6 8. Be3 Be7 9. f4 d6 10. g4 d5 11. exd5
Nxd5 12. Nxd5 exd5 13. Bf3 Nxd4 14. Bxd4 Bc5 15. Re1+ Kf8 16. c3 f5 17. gxf5
Bxf5 18. Re5 Bxd4+ 19. Qxd4 Be4 20. Bxe4 dxe4 21. Rf5+ Ke8 22. Re1 Qd7 23.
Rxe4+ Kd8 24. Rd5 1-0

[Event "18e tournoi de Noël"]
[Site "Montigny le Bretonneux"]
[Date "2017.12.28"]
[Round "3.8"]
[White "Fruchard, Alois"]
[Black "Verat-Fayolle, Celian"]
[Result "0-1"]
[WhiteElo "1331"]
[BlackElo "1710"]
[Annotator "Rivier,Sylvain"]
[PlyCount "56"]
[EventDate "2017.??.??"]

{Gambit dame, défense Tarrasch} 1. d4 d5 2. c4 e6 3. Nc3 c5 4. cxd5 exd5 5. Nf3
Nc6 6. dxc5 d4 7. Ne4 Bf5 8. Nd6+ Bxd6 9. cxd6 Qxd6 10. g3 Nb4 11. Bf4 Qc5 12.
Nxd4 Qxd4 13. Qxd4 Nc2+ 14. Kd2 Nxd4 15. Bg2 Nc6 16. Rhd1 Nge7 17. e4 Be6 18.
Ke1 O-O 19. Bd6 Rfd8 20. Rd2 Nc8 21. e5 Nxd6 22. exd6 Rd7 23. b3 Rad8 24. Rad1
Ne5 25. Rd4 Bg4 26. Rc1 Nf3+ 27. Bxf3 Bxf3 28. Rf4 Bc6 0-1

[Event "18e tournoi de Noël"]
[Site "Montigny le Bretonneux"]
[Date "2017.12.28"]
[Round "3.9"]
[White "Grandjean, Anthony"]
[Black "Chaintreau, Thomas"]
[Result "1/2-1/2"]
[WhiteElo "1687"]
[BlackElo "1228"]
[Annotator "Rivier,Sylvain"]
[PlyCount "75"]
[EventDate "2017.??.??"]

{Défense sicilienne, variante Alapine} 1. e4 e6 2. d4 c5 3. c3 d5 4. Bb5+ Bd7
5. Bxd7+ Qxd7 6. e5 Nc6 7. f4 Nge7 8. Nf3 cxd4 9. cxd4 Nf5 10. Nc3 Bb4 11. O-O
O-O 12. g4 Nfe7 13. a3 Ba5 14. Qe1 f5 15. g5 Qe8 16. h4 Qh5 17. Be3 Qg4+ 18.
Kh2 Ng6 19. Qg3 Qxg3+ 20. Kxg3 Bxc3 21. bxc3 Na5 22. h5 Ne7 23. g6 h6 24. a4
Nc4 25. Bc1 Rac8 26. Ba3 Rfe8 27. Bxe7 Rxe7 28. Rfc1 Rec7 29. Ra2 Ne3 30. Ra3
Nc4 31. Rb3 Nb6 32. Ra3 Nc4 33. Ra2 Ne3 34. Ra3 Nc4 35. Rb3 b6 36. Kf2 Na5 37.
Ra3 Nc4 38. Rb3 1/2-1/2

[Event "18e tournoi de Noël"]
[Site "Montigny le Bretonneux"]
[Date "2017.12.28"]
[Round "3.10"]
[White "Rayeh, Anas"]
[Black "Benbakir, Ameur"]
[Result "1-0"]
[WhiteElo "1060"]
[BlackElo "1524"]
[Annotator "Rivier,Sylvain"]
[PlyCount "71"]
[EventDate "2017.??.??"]

{Défense sicilienne} 1. e4 c5 2. Nf3 d6 3. Nc3 Nc6 4. Bc4 Bg4 5. O-O a6 6. a4
Nd4 7. Be2 Nxe2+ 8. Qxe2 g6 9. h3 Bd7 10. d3 Bg7 11. e5 Bc6 12. Ne4 Bxe4 13.
Qxe4 d5 14. Qf4 e6 15. Qe3 Qc7 16. b3 Ne7 17. Bb2 Nf5 18. Qe2 O-O 19. Rfe1 Rac8
20. Ng5 Bh6 21. Bc1 Bg7 22. Bb2 h6 23. Nf3 b5 24. a5 c4 25. Rac1 c3 26. Ba3
Rfd8 27. d4 Qxa5 28. Ra1 Qb6 29. Bc5 Qb7 30. Nh2 Bf8 31. Bxf8 Rxf8 32. Qd1 Qb6
33. Qc1 Kg7 34. Ng4 Qxd4 35. Qxh6+ Kg8 36. Nf6# 1-0

[Event "18e tournoi de Noël"]
[Site "Montigny le Bretonneux"]
[Date "2017.12.28"]
[Round "3.11"]
[White "Belan, Pascal"]
[Black "Belan, Guillaume"]
[Result "0-1"]
[WhiteElo "1493"]
[BlackElo "1135"]
[Annotator "Rivier,Sylvain"]
[PlyCount "58"]
[EventDate "2017.??.??"]

{Défense moderne} 1. e4 g6 2. d4 Bg7 3. Nc3 d6 4. Bg5 Nd7 5. f4 c5 6. Nf3 cxd4
7. Nxd4 Qa5 8. Qd2 Ngf6 9. Bd3 O-O 10. O-O Qc5 11. Qf2 Ng4 12. Ne6 Qxf2+ 13.
Rxf2 fxe6 14. Rff1 Bd4+ 15. Kh1 Nf2+ 16. Kg1 Nxd3+ 17. Kh1 Nf2+ 18. Kg1 Nh3+
19. Kh1 Nxg5 20. fxg5 Rxf1+ 21. Rxf1 Bxc3 22. bxc3 Nc5 23. e5 b6 24. exd6 exd6
25. Rd1 d5 26. c4 Bb7 27. cxd5 Bxd5 28. a3 Rf8 29. h4 Rf4 0-1

[Event "18e tournoi de Noël"]
[Site "Montigny le Bretonneux"]
[Date "2017.12.28"]
[Round "3.12"]
[White "Boet, Luc"]
[Black "Thomas, Robert"]
[Result "1-0"]
[WhiteElo "1512"]
[BlackElo "1330"]
[Annotator "Rivier,Sylvain"]
[PlyCount "111"]
[EventDate "2017.??.??"]

{Ouverture Ouverture du pion dame} 1. d4 Nf6 2. Bg5 e6 3. e4 Be7 4. Nd2 a6 5.
Ngf3 d5 6. e5 Ne4 7. Bxe7 Qxe7 8. Bd3 Nxd2 9. Qxd2 Nc6 10. c3 Bd7 11. Ng5 h6
12. Nf3 f5 13. exf6 Qxf6 14. Qe2 O-O 15. O-O Rae8 16. Ne5 Nxe5 17. dxe5 Qe7 18.
b4 c5 19. Rab1 c4 20. Bc2 b5 21. Rbd1 Bc6 22. Rd4 Ra8 23. Bb1 Be8 24. g3 a5 25.
a3 axb4 26. axb4 Ra3 27. Qc2 g6 28. Qc1 Ra7 29. Qxh6 Qg7 30. Qe3 Ra1 31. Rg4
Rxb1 32. Rxb1 Rf5 33. Re1 Qh7 34. Rg5 Qh3 35. Rxf5 Qxf5 36. Kg2 g5 37. Qf3 g4
38. Qxf5 exf5 39. f4 Kf7 40. h3 gxh3+ 41. Kxh3 Ke6 42. Kh4 Bd7 43. Kg5 Kf7 44.
Rh1 Kg7 45. Rh6 d4 46. cxd4 c3 47. Rd6 Bc8 48. Rc6 Bb7 49. Rxc3 Bd5 50. Rc7+
Kf8 51. Kxf5 Bc4 52. Kf6 Ke8 53. g4 Kd8 54. Ra7 Kc8 55. f5 Kb8 56. Rh7 1-0

[Event "18e tournoi de Noël"]
[Site "Montigny le Bretonneux"]
[Date "2017.12.28"]
[Round "3.13"]
[White "Ferreira Da Silva, Jose Candido"]
[Black "Chaintreau, Maxime"]
[Result "1-0"]
[WhiteElo "1390"]
[BlackElo "1097"]
[Annotator "Rivier,Sylvain"]
[PlyCount "49"]
[EventDate "2017.??.??"]

{Défense russe, variante moderne} 1. e4 e5 2. Nf3 Nf6 3. d4 Nxe4 4. Bd3 d5 5.
Nxe5 Bf5 6. O-O Nd7 7. Nxd7 Qxd7 8. Re1 O-O-O 9. Nc3 Nxc3 10. bxc3 Bg4 11. Qd2
Bd6 12. Qg5 g6 13. Bf4 f6 14. Qxd5 Bxf4 15. Qa5 Kb8 16. Rab1 Qc6 17. Be4 Bxh2+
18. Kxh2 Qd6+ 19. Kg1 Bc8 20. Qb5 c6 21. Qa4 Qc7 22. Bxc6 Ka8 23. Bf3 Rhe8 24.
Rxe8 Rxe8 25. Qxe8 1-0

[Event "18e tournoi de Noël"]
[Site "Montigny le Bretonneux"]
[Date "2017.12.28"]
[Round "3.14"]
[White "Bouloc, Roger"]
[Black "Barbier, Guy"]
[Result "1-0"]
[WhiteElo "1427"]
[BlackElo "1359"]
[Annotator "Rivier,Sylvain"]
[PlyCount "81"]
[EventDate "2017.??.??"]

{Partie italienne, guiocco piano} 1. e4 e5 2. Nf3 Nc6 3. Bc4 Bc5 4. c3 Nf6 5.
d4 exd4 6. cxd4 Bb4+ 7. Nc3 Nxe4 8. O-O Bxc3 9. d5 Ne7 10. bxc3 O-O 11. Qd3 Nd6
12. Bb3 h6 13. Bc2 Ng6 14. c4 Ne8 15. Bb2 d6 16. Rfe1 Nf6 17. Qc3 Bd7 18. Rad1
Re8 19. Rxe8+ Qxe8 20. Re1 Qf8 21. Bc1 Kh7 22. Qd3 Re8 23. h4 Rxe1+ 24. Nxe1 h5
25. Nf3 Qe7 26. Qd4 Qe2 27. Bxg6+ fxg6 28. Ng5+ Kg8 29. Bb2 Bf5 30. Qxa7 Qd1+
31. Kh2 Ng4+ 32. Kg3 Qd3+ 33. f3 Kf8 34. Qb8+ Ke7 35. Qxc7+ Bd7 36. Bxg7 Ne3
37. Bf8+ Kxf8 38. Qd8+ Kg7 39. Qxd7+ Kf6 40. Qxd6+ Kf5 41. Qe6# 1-0

[Event "18e tournoi de Noël"]
[Site "Montigny le Bretonneux"]
[Date "2017.12.28"]
[Round "3.15"]
[White "Tanchoux, Pierre"]
[Black "Jen, Jin-Xian-Koki"]
[Result "1-0"]
[WhiteElo "1279"]
[BlackElo "1169"]
[Annotator "Rivier,Sylvain"]
[PlyCount "113"]
[EventDate "2017.??.??"]

{Défense Petroff} 1. e4 e5 2. Nf3 Nf6 3. Nc3 Bb4 4. Qe2 Nc6 5. Nd5 d6 6. c3 Bc5
7. h3 O-O 8. d3 h6 9. Be3 Bb6 10. Bxb6 axb6 11. Qd2 Be6 12. Nxf6+ Qxf6 13. b3
Na5 14. Rb1 Nc6 15. Be2 Qg6 16. Nh4 Qf6 17. g3 Ra7 18. c4 Rfa8 19. a4 Nd4 20.
Bd1 g5 21. Ng2 Nf3+ 22. Bxf3 Qxf3 23. Kf1 f5 24. h4 f4 25. Qe2 Bg4 26. Qxf3
Bxf3 27. hxg5 h5 28. Rh4 Rf8 29. gxf4 Raa8 30. f5 Kh7 31. g6+ Kh6 32. Ne1 Bg4
33. f3 Kg5 34. Rh2 Bxf5 35. exf5 Rxf5 36. Rg2+ Kf6 37. Rbb2 Rg8 38. Rbf2 Rxg6
39. Rxg6+ Kxg6 40. Rg2+ Kh6 41. Ke2 h4 42. Rg4 Rh5 43. Kf2 h3 44. Kg1 c5 45.
Kh2 Kh7 46. Rg3 Rh6 47. Rxh3 Rxh3+ 48. Kxh3 Kg7 49. Kg4 Kg6 50. Ng2 Kf6 51. Ne3
Ke6 52. Nd5 Kd7 53. Nxb6+ Kc6 54. Nd5 b6 55. Kf5 Kb7 56. Ke6 Kc6 57. Ke7 1-0

[Event "18e tournoi de Noël"]
[Site "Montigny le Bretonneux"]
[Date "2017.12.28"]
[Round "4.1"]
[White "Drouot, Frederic"]
[Black "Divies, Renaud"]
[Result "0-1"]
[WhiteElo "1919"]
[BlackElo "1986"]
[Annotator "Rivier,Sylvain"]
[PlyCount "94"]
[EventDate "2017.??.??"]

{Défense sicilienne} 1. e4 c5 2. Nf3 e6 3. Be2 Nc6 4. Nc3 Nf6 5. O-O d5 6. exd5
Nxd5 7. Bb5 Be7 8. Ne5 Bd7 9. Nxd5 exd5 10. Nxd7 Qxd7 11. c3 O-O 12. d4 a6 13.
Be2 cxd4 14. cxd4 Rac8 15. a3 f5 16. f4 Bf6 17. Be3 Na5 18. Bf2 Nc4 19. Bf3
Nxb2 20. Qb3 Nc4 21. Rfd1 Rfd8 22. Be1 b5 23. g3 a5 24. Rab1 Rb8 25. Kg2 Be7
26. Rd3 g6 27. Qa2 Kg7 28. Qe2 Re8 29. Qa2 Qe6 30. Bf2 Qd6 31. Re1 Red8 32. g4
Bf8 33. Kg3 b4 34. axb4 Rxb4 35. Re5 Rb2 36. Qa1 Qc6 37. gxf5 Nxe5 38. dxe5 Qc2
39. Qf1 gxf5 40. Bxd5 Bc5 41. Kh3 Qxf2 42. Rg3+ Kh8 43. Qxf2 Rxf2 44. Bf7 Rxf4
45. e6 Rg4 46. Rc3 Be7 47. Bh5 Rh4+ 0-1

[Event "18e tournoi de Noël"]
[Site "Montigny le Bretonneux"]
[Date "2017.12.28"]
[Round "4.2"]
[White "Conq, Alain"]
[Black "Delmas-Goyon, Francois"]
[Result "1-0"]
[WhiteElo "1790"]
[BlackElo "1902"]
[Annotator "Rivier,Sylvain"]
[PlyCount "91"]
[EventDate "2017.??.??"]

{Défense bogo-indienne} 1. d4 Nf6 2. c4 e6 3. Nf3 Bb4+ 4. Nbd2 b6 5. a3 Bxd2+
6. Nxd2 Bb7 7. Qc2 d6 8. e4 Nbd7 9. Be2 e5 10. d5 a5 11. O-O O-O 12. Rb1 a4 13.
b4 axb3 14. Nxb3 Qe7 15. Ra1 Rfb8 16. Bd2 Bc8 17. a4 Nc5 18. Nxc5 bxc5 19. Rfb1
Ba6 20. a5 h6 21. f3 Qe8 22. Bd1 c6 23. Qa4 cxd5 24. Qxe8+ Nxe8 25. cxd5 Bb5
26. Kf2 Nc7 27. Be2 Bxe2 28. Kxe2 Na6 29. Rb6 c4 30. Rab1 Rxb6 31. axb6 Nc5 32.
Bb4 Nb7 33. Rc1 Ra6 34. Rxc4 Rxb6 35. Kd3 Kf8 36. Kc3 Ke8 37. Rc6 Nc5 38. Bxc5
Rxc6 39. dxc6 dxc5 40. Kc4 Kd8 41. Kxc5 Kc7 42. h4 g6 43. g4 g5 44. hxg5 hxg5
45. Kd5 Kc8 46. Kxe5 1-0

[Event "18e tournoi de Noël"]
[Site "Montigny le Bretonneux"]
[Date "2017.12.28"]
[Round "4.3"]
[White "Toussaint, Antoine"]
[Black "Benbakir, Chouaib"]
[Result "0-1"]
[WhiteElo "1761"]
[BlackElo "1817"]
[Annotator "Rivier,Sylvain"]
[PlyCount "73"]
[EventDate "2017.??.??"]

{Défense Pirc} 1. e4 d6 2. d4 Nf6 3. Bd3 g6 4. Nf3 Bg7 5. O-O O-O 6. Bg5 h6 7.
Be3 Nc6 8. h3 e5 9. c3 Qe8 10. Nbd2 Nh5 11. dxe5 dxe5 12. Bc5 Ne7 13. Nc4 b6
14. Ba3 f6 15. Nh2 Be6 16. Ne3 Rd8 17. Qc2 Qf7 18. b3 c5 19. Bc4 Bxc4 20. Nxc4
Rd7 21. Rfd1 Rfd8 22. Rxd7 Rxd7 23. Rd1 Nc6 24. Rd2 Nf4 25. Qd1 Rxd2 26. Qxd2
Bf8 27. Nf1 Qe6 28. Nce3 f5 29. f3 fxe4 30. fxe4 Be7 31. Nd5 Bg5 32. Nxf4 exf4
33. Qd5 Kf7 34. Kf2 Ne7 35. Qxe6+ Kxe6 36. Bc1 Nc6 37. Ke2 0-1

[Event "18e tournoi de Noël"]
[Site "Montigny le Bretonneux"]
[Date "2017.12.28"]
[Round "4.4"]
[White "Guedira, Aimen"]
[Black "Rayeh, Anas"]
[Result "1-0"]
[WhiteElo "1804"]
[BlackElo "1060"]
[Annotator "Rivier,Sylvain"]
[PlyCount "69"]
[EventDate "2017.??.??"]

{Partie italienne, guiocco piano} 1. e4 e5 2. Nf3 Nc6 3. Bc4 Nf6 4. d3 Bc5 5.
c3 O-O 6. b4 Bb6 7. a4 a6 8. O-O d6 9. Nbd2 Bg4 10. h3 Be6 11. Bxe6 fxe6 12.
Qb3 Re8 13. Nc4 Ba7 14. b5 Ne7 15. Be3 d5 16. Ncxe5 Bxe3 17. fxe3 Nh5 18. Ng5
Rf8 19. Rxf8+ Qxf8 20. Rf1 Qd8 21. Ngf7 Qe8 22. exd5 exd5 23. e4 Nf6 24. exd5
Nexd5 25. Rxf6 gxf6 26. Qxd5 fxe5 27. Nd6+ Kh8 28. Nxe8 Rxe8 29. Qxb7 c5 30.
bxc6 a5 31. c7 Re7 32. c8=Q+ Kg7 33. Qxe7+ Kg6 34. Qg4+ Kh6 35. Qf6# 1-0